Statistics for Largest Empires by Land Area

Click here to take the quiz!

General Stats

  • This quiz has been taken 327 times
  • The average score is 12 of 20

Answer Stats

Land AreaEmpire% Correct
33.7 million square kilometresThe British Empire
97%
24.0 million square kilometresMongol Empire
88%
22.8 million square kilometresRussian Empire
87%
06.5 million square kilometresRoman Empire
86%
20.0 million square kilometresSpanish Empire
85%
13.0 million square kilometresSecond French Colonial Empire
84%
08.1 million square kilometresFirst French Colonial Empire
84%
06.5 million square kilometresMing Dynasty, China
83%
06.5 million sqaure kilometresHan Dynasty, China
81%
10.4 million square kilometresPortuguese Empire
70%
07.4 million square kilometresJapanese Empire
67%
14.7 million square kilometresQing Dynasty, China
59%
14.0 million square kilometresYuan Dynasty, China
54%
11.0 million square kilometresTang Dynasty, China
53%
06.4 million square kilometresNazi Germany
51%
06.0 million square kilometresGöktürk Khaganate
36%
08.5 million square kilometresEmpire of Brazil
35%
11.1 million square kilometresAbbasid Caliphate
21%
09.0 million square kilometresRashidun Caliphate
19%
08.75 million square kilometresAchaemenid Empire
8%

Score Distribution

Percentile by Number Answered

Percent of People with Each Score

Your Score History

You have not taken this quiz